01636 a2200157 4500003000500000005001700005040000900022082001500031100002100046245005600067250001200123260004000135300000900175505125600184650003801440Nust20230316123550.0 cNust a621.46,YAM aYamamura, Sakae  aTheory of Linear Induction Motors /cSakae Yamamura a2nd ed. aNew YorkbJohn Wiely and sonsc1972 a235p aIntroduction (Page-3), Type of Model of Linear Induction Motor used (Page-9), Equation for the Electromagnetic Field in the Air Gap and their Solution Based on a One Dimensional Model (Page-17), Calculation of Magnetic Field in the Air Gap (Page-26), Consolation of Performance of Linear Induction Motor under Constant Current Drive (Page-34), Calculation of Performance of Linear Induction Motor under Constant Voltage Drive (Page-38), Low Speed and High Speed Motors (Page-50), Measures to Alleviate the end Effect in High Speed Linear Induction Motors(Page-50), Measures to Alleviate the end Effect in High Speed Linear Induction Motor (Page-58), Solution for Field Equation of the Air Gap Based (Page-65), Calculation of the Magnetic Field in the Air Gap (Page-81), Calculation of Performance (Page-93), Experimental Results (Page-100), Compensation for end Effect (Page-111), Three Dimensional Analysis of Linear Induction (Page-124), Numerical Calculation of Motor Performance with Fourier Transforms (Page-143), Three Dimanensional Analysis of Single Side Linear (Page-150), Three Dimensional Analysis of Double sided Linear Induction Motor with Iron Plate on Secondary (Page-169), Linear Induction Motor of Wound Secondary Type (Page-177).  aTheory of linear induction motors